[Event "Saint Affrique op 23rd"]
[Site "Saint Affrique"]
[Date "2015.07.18"]
[Round "1"]
[White "Karpatchev, Aleksandr"]
[Black "Perrin, Alexis"]
[Result "1-0"]
[WhiteElo "2473"]
[BlackElo "1723"]
[PlyCount "41"]
[EventDate "2015.07.18"]
[EventType "swiss"]
[EventRounds "9"]
[EventCountry "FRA"]
[SourceTitle "EXT 2016"]
[Source "ChessBase"]
[SourceDate "2015.10.08"]
[SourceVersion "1"]
[SourceVersionDate "2015.10.08"]
[SourceQuality "1"]

1. e4 e5 2. Nf3 Nc6 3. d4 exd4 4. Nxd4 Bc5 5. Nb3 Bb6 6. Nc3 d6 7. Qe2 Nf6 8. Bg5 h6 9. Bh4 g5 10. Bg3 Qe7 11. h4 g4 12. h5 Bd7 13. 0-0-0 Nh7 14. Nd5 Qe6 15. f4 gxf3 16. gxf3 Ng5 17. f4 Nxe4 18. Qxe4 Qxe4 19. Nf6+ Ke7 20. Nxe4 Bf5 21. Re1 1-0